000 00410nam a2200145 i 4500
001 87911
003 ES-MaACL
007 t|
008 041228s1929 fr ||||1| fre d
100 1 _aLacretelle, Jacques de.
_969403
245 1 0 _aHistoire de Paloa Ferrani /
_cJacques de Lacretelle.
260 _aParis :
_b[s.n.,
_c1929] (
_eLagny :
_fE. Grevin)
300 _a226 p. ;
_c19 cm.
852 _aES-MaACL
_jB-6780
999 _c87911
_d87911